Normal view
MARC view
- Warnock, Frederick Victor
Entry Personal Name
001 - CONTROL NUMBER
- control field: 50175
003 - CONTROL NUMBER IDENTIFIER
- control field: NUST
005 - DATE AND TIME OF LATEST TRANSACTION
- control field: 20210314134539.0
008 - FIXED-LENGTH DATA ELEMENTS
- fixed length control field: 210314|| aca||aabn | a|a d
040 ## - CATALOGING SOURCE
- Original cataloging agency: NUST
- Transcribing agency: NUST
100 ## - HEADING--PERSONAL NAME
- Personal name: Warnock, Frederick Victor
670 ## - SOURCE DATA FOUND
- Source citation: Work cat.: (NUST): Benham, P. P. 40905, Mechanics of solids and strength of materials , 1965.
